Návrh informačného systému v oblasti reštaurácie a výroby jedál : Bakalárska práca

Salvato in:
Dettagli Bibliografici
Autore principale: Botka, Róbert (Autore)
Altri autori: Zelman, Peter (xxx)
Natura: Manoscritto Libro
Lingua:slovacco
Pubblicazione: Trnava : STU v Bratislave MtF KAIA, 2006
Soggetti:
Tags: Aggiungi Tag
Nessun Tag, puoi essere il primo ad aggiungerne!!

MARC

LEADER 00000ntm a22000003a 4500
001 stu130854
005 20160719155626.6
008 061206s2006----xo------------------slo-d
040 |a STU  |b slo 
041 0 |a slo 
044 |a xo 
100 1 |a Botka, Róbert  |4 aut 
245 1 |a Návrh informačného systému v oblasti reštaurácie a výroby jedál :  |b Bakalárska práca 
260 |a Trnava :  |b STU v Bratislave MtF KAIA,  |c 2006 
300 |a 46 s  |c príl (1 CD-ROM) 
650 7 |a aplikovaná informatika a automatizácia v priemysle  |2 stusub 
650 7 |a databázové systémy  |2 stusub 
700 1 |a Zelman, Peter  |4 xxx 
996 |b 284M075193  |c M*BP-2307  |l MMSKP  |s P  |a 0  |w stu130854_0001